00679nam a22002057a 450000500170000001000150001702000340003203500130006603700130007908200110009224501010010326000390020427000440024330000300028750000500031750500490036770000150041670000190043170000230045020160622120726.0 aENG-113889 a9788125056270 (v.15)c1375.00 aEN-97421 bDBAD/PUB a409.54 aPeople's linguistic survey of India /cedited by G.N. Devy, M.Sreenathan [and] Joseph Koyippally aNew DelhibOrient BlackSwan c2015 a1/24 Asaf Ali Road, bNew Delhie110002 aV.15(liv,298p.)c25cm(Hb) aIncludes bibliographical references and index aV.15-The languages of Kerala and Lakshadweep aDevy, G.N. aSreenathan, M. aKoyippally, Joseph